| 000 | 01529cam a22002054a 4500 | ||
|---|---|---|---|
| 005 | 20250605164018.0 | ||
| 008 | 250528s ||||||||||||||||||||||||d | ||
| 035 | _a16223 | ||
| 020 | _a125263023 | ||
| 040 |
_aGR-AtMCL _bgre _dGR-AtMCL _eAACR2 |
||
| 245 | 1 | _aReceptors and Hormone Action / Volume II | |
| 260 |
_bAddison-Wesley Publishing Company, _c1978 |
||
| 300 | _a608 | ||
| 520 | _aPreface, The Biology and Pharmacology of Estrogen Receptor Binding: Relationship to Uterine Growth, Conformational Forms of the Estrogen Receptor, Nuclear Estrogen Receptor and DNA Synthesis, The Role of Receptors in the Anabolic Action of Androgens, Androgen Receptors and Biologic Responses: A Survey, Androgen Receptor Interactions in Target Cells: Biochemical Evaluation, Biology of Progesterone Receptors, Molecular Structure and Analysis of Progesterone Receptors, Regulation of Gene Expression by Glucocorticoid Hormones: Studies of Receptors and Responses in Cultured Cells, Glucocorticoid Regulation of Mammary Tumor Virus Gene Expression, Biology of Mineralocorticoid Receptors, Gonadal Steroid Receptors in Neuroendocrine Tissues, Hormones and Their Receptors in Breast Cancer, Steroid-Binding Serum Globulins: Recent Results, Androgen-Binding Proteins of the Male Rat Reproductive Tract, Vitamins D Receptor and Biologic Responses, Cellular-Binding Protein for Compounds with Vitamin A. | ||
| 700 | 1 |
_aBirnbaumer Lutz _92303 |
|
| 700 | 1 |
_aO'Malley Bert W _92304 |
|
| 942 | _cBK | ||
| 999 |
_c1751 _d1751 |
||